00952nam a2200217 a 450000100100000000500170001000800410002702000180006804000250008610000360011124501250014726000690027230000330034149000280037450000420040270000270044483000350047195201050050695201060061199900170071700003990920201002033813.0130729s2000 ag 000 0 spa d a9789870601012 aDO-SdBNPbspacBNPHU1 aEscardó i Bas, Mercé96611413aLa biblioteca, un espacio de convivencia /cMercé Escardó i Bas ; traducción del catalán de Imma Tejero Cullell. aBuenos Aires, Argentina :bOberon. Comercial Grupo Anaya,c2000. a249 p. :bil., +CD ;c22 cm.1 aSombra de la Palabrav8 aIncluye notas al pie de las páginas1 aCullell.,Tejero966115 0aSombra de la Palabrav8966116 001050718MOaGRbGRcHDd2013-07-29iLF1l0o p39909-10r2020-06-25w2020-06-25y1ZNo se presta 0010507-18MOaGRbGRcOId2013-07-29iLF1l0o p39910-10r2020-06-25w2020-06-25y1ZNo se presta c39399d39399